00452nam a2200181 a 4500001001300000003000900013005001700022008004100039020000900080082001700089100001600106245002800122260004500150300000800195500003500203650001600238700001600254nice12345678IN_TiNIC20260116014453.0070411s2004 newa grp 000 0 eng  ac1000a344.01bMAT3 aMathew, P D aMinimum Wages Act, 1948 aNew DelhibIndian Social Institutec2004 a16p aincludes index and biblioraphy aLaboure Law1 aMathew, P D